Elementos de contabilidad : segundo curso /

Guardado en:
Autor Principal: Picoli, Angel M E
Otros Autores: Pino, Antonino
Formato: Libro
Publicado: Buenos Aires : Librer¡a del Colegio, 1969
Edición:27a. ed.
Materias:
Etiquetas: Agregar Etiqueta
Sin Etiquetas, Sea el primero en etiquetar este registro!
LEADER 00744nam a22002055a 4500
001 CEM.cems005052
005 20060217000000.0
008 130507s1969##################000#0#####d
003 CEMS
082 0 4 |a 657 
100 1 |a Picoli, Angel M E 
245 1 0 |a Elementos de contabilidad :  |b segundo curso / 
250 |a 27a. ed. 
260 |a Buenos Aires :  |b Librer¡a del Colegio,  |c 1969 
300 |a 342 p. 
505 0 |a Cuenta corriente mercantil.-Moneda.-Letra de cambio.-Comercio de importaci¢n y exportaci¢n.-Inmuebles.-Valores mobiliarios.-Cr'dito.-Tenedur¡a de libros.-Balance general. 
653 |a Contabilidad 
653 |a Contabilidad 2do. año 
700 1 |a Pino, Antonino 
859 |a CEMS  |b BIB. CEMS - 11 de abril  |h 657  |i P587a27/II  |p 11533.82  |t Ej.1